000 01133cam a22002651i 4500
003 SA-RiAUC
005 20250725143928.0
008 250725s2005 ir g 000 0dara c
040 _aJO-IrYU
_bara
_cSA-RiAUC
_erda
050 0 _b.S92 2005
082 0 4 _a258.6
090 _a258.6
_b س ب ح
100 1 _aالسبحاني، جعفر،
_d1929-
_eمؤلف.
245 1 0 _aتهذيب الأصول :
_bتقرير أبحاث الأستاذ الأعظم والعلامة الأفخم آية الله العظمى السيد روح الله الموسوي /
_cتأليف جعفر السبحاني.
250 _aالطبعة الأولى.
264 1 _aطهران :
_bمؤسسة تنظيم آثار الإمام الخميني،
_c2005
300 _a3 مجلد ؛
_c24 سم
336 _aنص
_btxt
_2rdacontent
_3كتاب
337 _aبدون وسيط
_bn
_2rdamedia
338 _aمجلد
_bnc
_2rdacarrier
600 1 7 _aالخميني، روح الله بن مصطفى بن أحمد،
_d1902-1989
_xدين
_2aucnm
650 7 _aفقه الشيعة
_2aucsh
942 _2ddc
_cBOOK
_n0
949 _aSA-JeALM
_d250725
_ueid123
_n1
999 _c10293
_d10293